000
00293nam a2200109 4500
999
_c
13070
_d
13070
008
190207b ||||| |||| 00| 0 eng d
245
_a
5-k join federalism forum.
260
_a
Davao City
_b
Sun Star Davao
_c
c2017
300
_a
page 9.
650
0
_9
36735
_a
Federal government.
942
_2
ddc
_c
PER